[Event "Medellin de La Raza op"]
[Site "Medellin"]
[Date "2023.10.12"]
[Round "2"]
[White "Panesso Rivera, Henry"]
[Black "Lopez Gonzalez, Carlos Andres"]
[Result "1-0"]
[WhiteElo "2360"]
[BlackElo "1938"]
[PlyCount "107"]
[EventDate "2023.10.12"]
[EventType "swiss"]
[EventRounds "10"]
[EventCountry "COL"]
[SourceTitle "CBM 216 Extra"]
[Source "ChessBase"]
[SourceDate "2023.11.30"]
[SourceVersion "1"]
[SourceVersionDate "2023.11.30"]
[SourceQuality "1"]

1. Nf3 Nf6 2. g3 e6 3. Bg2 d5 4. 0-0 Be7 5. d3 b6 6. c4 Bb7 7. cxd5 Bxd5 8. Nc3 Bb7 9. Bf4 0-0 10. d4 Nbd7 11. Qa4 c5 12. Rad1 Qc8 13. dxc5 Nxc5 14. Qc2 Nce4 15. Be5 Bb4 16. Rc1 Bxc3 17. bxc3 Qc5 18. Bd4 Qe7 19. Rfd1 Rfd8 20. Ne5 Rac8 21. Qa4 Ba8 22. f3 Nc5 23. Qa3 Qc7 24. e4 h6 25. Bxc5 Qxc5+ 26. Qxc5 bxc5 27. Kf2 Ne8 28. Nc4 Bc6 29. Rb1 Ba4 30. Rxd8 Rxd8 31. Bf1 a6 32. Ke3 Bb5 33. Na3 Bxf1 34. Rxf1 f5 35. Rb1 fxe4 36. fxe4 Nf6 37. h3 Kf7 38. Nc4 Nd7 39. Rb7 Kf6 40. Rc7 a5 41. a4 h5 42. h4 g6 43. Kf4 Ke7 44. Ne5 Rf8+ 45. Ke3 Kd6 46. Nxd7 Rf7 47. Rb7 Rxd7 48. Rxd7+ Kxd7 49. Kf4 Kd6 50. c4 Ke7 51. Ke5 Kf7 52. Kd6 Kf6 53. Kxc5 Ke5 54. Kb6 1-0

[Event "COL-chT"]
[Site "Medellin"]
[Date "2021.12.09"]
[Round "1.2"]
[White "Lopez Gonzalez, Carlos Andres"]
[Black "Avila Pavas, Santiago"]
[Result "0-1"]
[WhiteElo "2016"]
[BlackElo "2464"]
[PlyCount "80"]
[EventDate "2021.12.09"]
[EventType "team-swiss"]
[EventRounds "6"]
[EventCountry "COL"]
[SourceTitle "CBM 205 Extra"]
[Source "ChessBase"]
[SourceDate "2022.01.31"]
[SourceVersion "1"]
[SourceVersionDate "2022.01.31"]
[SourceQuality "1"]
[WhiteTeam "Medellin Universidad"]
[BlackTeam "Liga del Valle"]
[WhiteTeamCountry "COL"]
[BlackTeamCountry "COL"]

1. e4 c5 2. Nf3 d6 3. d4 cxd4 4. Nxd4 Nf6 5. Nc3 g6 6. Be3 Bg7 7. f3 Nc6 8. Qd2 0-0 9. 0-0-0 d5 10. exd5 Nxd5 11. Nxc6 bxc6 12. Bd4 e5 13. Bc5 Re8 14. Ne4 Be6 15. h4 Rb8 16. Bc4 h6 17. Bb3 a5 18. c4 Nb4 19. Qxd8 Rexd8 20. Bd6 Ra8 21. Bxb4 axb4 22. Nc5 Bf5 23. g4 Bf8 24. gxf5 Bxc5 25. fxg6 fxg6 26. Rhe1 Bd4 27. c5+ Kf8 28. Re4 g5 29. hxg5 hxg5 30. Rd2 Kg7 31. Kc2 Ra5 32. Rxe5 Bxe5 33. Rxd8 Rxc5+ 34. Kb1 Bf4 35. Bc2 Re5 36. Be4 g4 37. Rd1 g3 38. Rg1 Rg5 39. Bxc6 g2 40. Be4 Rg3 0-1

[Event "Medellin Raza op"]
[Site "Medellin"]
[Date "2021.10.07"]
[Round "3"]
[White "Lopez Gonzalez, Carlos Andres"]
[Black "Negron Lizarazo, Juan Sebastian"]
[Result "1-0"]
[WhiteElo "1991"]
[BlackElo "1542"]
[PlyCount "55"]
[EventDate "2021.10.06"]
[EventType "swiss"]
[EventRounds "9"]
[EventCountry "COL"]
[SourceTitle "EXT 2023"]
[Source "ChessBase"]
[SourceDate "2022.10.05"]
[SourceVersion "1"]
[SourceVersionDate "2022.10.05"]
[SourceQuality "1"]

1. e4 c5 2. Nf3 g6 3. d4 cxd4 4. Nxd4 Bg7 5. c4 Nc6 6. Be3 Nf6 7. Nc3 0-0 8. Be2 d6 9. Qd2 Bd7 10. f3 Nxd4 11. Bxd4 a5 12. b3 Bc6 13. 0-0 Nd7 14. Bf2 Nc5 15. Rab1 e6 16. Rfc1 Be5 17. Rc2 Qf6 18. Nd1 Rfd8 19. Ne3 h5 20. Rd1 Rd7 21. Bf1 b6 22. Qe2 Rad8 23. g3 Nxe4 24. fxe4 Bxe4 25. Ng4 Qf3 26. Qxf3 Bxf3 27. Be2 hxg4 28. Bxb6 1-0

[Event "COL-ch Cat B/C U2200"]
[Site "Medellin"]
[Date "2021.06.11"]
[Round "3"]
[White "Coca Cubillos, Jesus Alberto"]
[Black "Lopez Gonzalez, Carlos Andres"]
[Result "0-1"]
[WhiteElo "2055"]
[BlackElo "1900"]
[PlyCount "92"]
[EventDate "2021.06.10"]
[EventType "swiss"]
[EventRounds "7"]
[EventCountry "COL"]
[SourceTitle "EXT 2022"]
[Source "ChessBase"]
[SourceDate "2021.10.06"]
[SourceVersion "1"]
[SourceVersionDate "2021.10.06"]
[SourceQuality "1"]

1. f4 Nf6 2. Nf3 d5 3. e3 e6 4. d4 c5 5. c3 Be7 6. Bd3 b6 7. 0-0 0-0 8. Re1 Bb7 9. Nbd2 Ne4 10. Qc2 f5 11. g4 c4 12. Bxe4 fxe4 13. Ne5 Bd6 14. Re2 Bxe5 15. dxe5 Qh4 16. Rg2 Nd7 17. b3 cxb3 18. axb3 Nxe5 19. Ba3 Nd3 20. Rg3 Rfc8 21. Nf3 exf3 22. Qxd3 f2+ 23. Kxf2 Rxc3 24. Qxc3 Qxh2+ 25. Rg2 Qxg2+ 26. Kxg2 d4+ 27. Kf2 dxc3 28. Rd1 Bd5 29. Rd3 Rc8 30. b4 c2 31. Bc1 Rc4 32. Rd4 Rxd4 33. exd4 a5 34. bxa5 bxa5 35. Ke3 a4 36. Kd3 Bb3 37. Ke4 Kf7 38. Ke5 Ke7 39. Ba3+ Kd7 40. f5 exf5 41. Kxf5 Be6+ 42. Kf4 Kc6 43. g5 Kd5 44. Ke3 Kc4 45. Kd2 Kb3 46. Bf8 Kb2 0-1

[Event "Antioquia op"]
[Site "Antioquia"]
[Date "2020.03.07"]
[Round "8"]
[White "Toro Castaneda, Miguel Angel"]
[Black "Lopez Gonzalez, Carlos Andres"]
[Result "1/2-1/2"]
[WhiteElo "1943"]
[BlackElo "1863"]
[PlyCount "50"]
[EventDate "2020.03.03"]
[EventType "swiss"]
[EventRounds "9"]
[EventCountry "COL"]
[SourceTitle "CBM 195 Extra"]
[Source "ChessBase"]
[SourceDate "2020.05.31"]
[SourceVersion "1"]
[SourceVersionDate "2020.05.31"]
[SourceQuality "1"]

1. e4 c5 2. Nf3 Nc6 3. d4 cxd4 4. Nxd4 g6 5. Nc3 Bg7 6. Nb3 Nf6 7. Bc4 0-0 8. 0-0 d6 9. Re1 Bd7 10. Nd5 Rc8 11. Bf1 Ne5 12. c3 Nc4 13. Bxc4 Rxc4 14. Bg5 Re8 15. Bxf6 exf6 16. Nd4 Be6 17. Nc2 Qd7 18. Na3 Rcc8 19. Qd4 f5 20. Qxa7 Ra8 21. Qb6 Bxd5 22. exd5 Rxe1+ 23. Rxe1 Bxc3 24. bxc3 Rxa3 25. Qb2 Qa4 1/2-1/2

[Event "Pan American-ch School U17"]
[Site "Medellin"]
[Date "2019.11.14"]
[Round "5"]
[White "Salazar Gould, Melannie"]
[Black "Lopez Gonzalez, Carlos Andres"]
[Result "1-0"]
[WhiteElo "1906"]
[BlackElo "1899"]
[PlyCount "65"]
[EventDate "2019.11.12"]
[EventType "swiss"]
[EventRounds "9"]
[EventCountry "COL"]
[SourceTitle "CBM 193 Extra"]
[Source "ChessBase"]
[SourceDate "2020.01.31"]
[SourceVersion "1"]
[SourceVersionDate "2020.01.31"]
[SourceQuality "1"]

1. e4 c5 2. Nf3 Nc6 3. d4 cxd4 4. Nxd4 g6 5. Nc3 Bg7 6. Nf3 Nf6 7. Bc4 0-0 8. 0-0 d6 9. h3 b6 10. Re1 Bb7 11. Nd5 Na5 12. Bf1 e6 13. Nxf6+ Bxf6 14. c3 Nc6 15. Bh6 Bg7 16. Qd2 Qc7 17. Nh2 Rfd8 18. Ng4 f6 19. Bc4 d5 20. Bb3 Na5 21. e5 Nc4 22. Qe2 f5 23. Nf6+ Kh8 24. Bg5 h6 25. Bh4 Qc6 26. f3 Rac8 27. Rad1 g5 28. Bf2 Bf8 29. f4 gxf4 30. Qh5 Kg7 31. Bd4 Ne3 32. Rxe3 fxe3 33. Bxe3 1-0